|
|
|
|
| LEADER |
00000nam0a2200000 4500 |
| 001 |
375266 |
| 005 |
20231102012723.0 |
| 035 |
|
|
|a (RuTPU)RU\TPU\retro\32705
|
| 035 |
|
|
|a RU\TPU\book\251050
|
| 090 |
|
|
|a 375266
|
| 100 |
|
|
|a 20221220d1946 k y0rusy50 ca
|
| 101 |
0 |
|
|a rus
|
| 102 |
|
|
|a RU
|
| 105 |
|
|
|a a z 000zy
|
| 200 |
1 |
|
|a Земляные работы при устройстве фундаментов и оснований в области вечной мерзлоты
|f В. Ф. Жуков
|g Академия наук СССР (АН СССР), Институт мерзлотоведения
|
| 210 |
|
|
|a Москва
|a Ленинград
|c Изд-во АН СССР
|d 1946
|
| 215 |
|
|
|a 140 с.
|c ил.
|
| 317 |
|
|
|5 63413507: КР-171
|a Поступила в НТБ в 2004 г. в составе книжного собрания профессора ТПИ К. В. Радугина.
|
| 606 |
1 |
|
|a Основания и фундаменты на мерзлых грунтах
|2 stltpush
|3 (RuTPU)RU\TPU\subj\47581
|9 66503
|
| 610 |
1 |
|
|a строительство
|
| 610 |
1 |
|
|a вечная мерзлота
|
| 610 |
1 |
|
|a вечномерзлые грунты
|
| 610 |
1 |
|
|a грунты
|
| 610 |
1 |
|
|a свойства
|
| 610 |
1 |
|
|a рыхление
|
| 610 |
1 |
|
|a земляные массы
|
| 610 |
1 |
|
|a котлованы
|
| 610 |
1 |
|
|a крепление
|
| 610 |
1 |
|
|a библиотека К. В. Радугина
|
| 610 |
1 |
|
|a владельческая надпись
|
| 675 |
|
|
|a 624.139:624.15
|v 3
|
| 700 |
|
1 |
|a Жуков
|b В. Ф.
|
| 712 |
0 |
2 |
|a Академия наук СССР (АН СССР)
|b Институт мерзлотоведения
|c (Москва)
|2 stltpush
|3 (RuTPU)RU\TPU\col\18476
|
| 801 |
|
1 |
|a RU
|b 63413507
|c 20130118
|
| 801 |
|
2 |
|a RU
|b 63413507
|c 20221220
|g RCR
|
| 942 |
|
|
|c BK
|